| 000 | 00869nam a2200277 u 4500 | ||
|---|---|---|---|
| 005 | 20221124100721.0 | ||
| 008 | 200211s1997 mx r 000 0 spa d | ||
| 020 | _a9683806325 | ||
| 035 | _aUPN01000235446 | ||
| 040 |
_aMX-MxUPN _bspa _cMX-MxUPN |
||
| 041 | 1 |
_aspa _heng |
|
| 050 | 4 |
_aHD62.15 _bS23 1997 |
|
| 100 | 1 |
_aSadgrove, Kit _947465 |
|
| 240 | 1 | 0 |
_aMaking TQM work. _lEspañol |
| 245 | 1 | 0 | _aCómo hacer que funcione la calidad total |
| 250 | _aPrimera edición en español | ||
| 260 |
_aMéxico, D.F. : _bPanorama Editorial, _c1997. |
||
| 300 |
_a132 páginas : _bilustraciones, figuras |
||
| 500 | _aTraduccion de: Making TQM work | ||
| 650 | 2 |
_aAdministración de calidad total _9437 |
|
| 700 | 1 |
_aEroles Gómez, Antonio _etraductor _947341 |
|
| 902 | _aNoemiAcosta/151122 | ||
| 905 | _aLibro | ||
| 942 |
_n0 _cLIBRO _2lcc |
||
| 999 |
_c207541 _d207541 |
||